|
|
|
|
| LEADER |
01374pam a22002778a 4500 |
| 001 |
00022088 |
| 005 |
20171026081022.0 |
| 008 |
110527s2007 ||||||Viesd |
| 041 |
0 |
# |
|a Vie
|
| 082 |
1 |
4 |
|a 577.071
|b S550H
|
| 100 |
0 |
# |
|a Cao Gia Nức
|
| 245 |
0 |
0 |
|a Sự hình thành và phát triển các khái niệm sinh thái học trong chương trình sinh học ở trung học cơ sở
|c Cao Gia Nức
|
| 260 |
# |
# |
|a H.
|b Đại học sư phạm
|c 2007
|
| 300 |
# |
# |
|a 227 tr.
|c 24 cm.
|
| 490 |
# |
# |
|a Sách trợ giúp giáo viên CĐSP
|
| 500 |
# |
# |
|a Sách nhà nước đặt hàng
|
| 650 |
# |
4 |
|a Sinh thái học
|
| 653 |
# |
# |
|a Giáo dục
|
| 653 |
# |
# |
|a Khái niệm
|
| 653 |
# |
# |
|a Trung học cơ sở
|
| 852 |
# |
# |
|b Kho giáo trình
|j KGT.0009644, KGT.0009645, KGT.0009646, KGT.0009647, KGT.0009648, KGT.0009649, KGT.0009650, KGT.0009651, KGT.0009652, KGT.0009653, KGT.0009654, KGT.0009655, KGT.0032593, KGT.0032880
|
| 852 |
# |
# |
|b Kho mượn
|j KGT.0009644
|
| 852 |
# |
# |
|b Kho đọc
|j KD.0007792
|
| 852 |
# |
# |
|j KGT.0009644
|j KGT.0009645
|j KGT.0009647
|j KGT.0009650
|j KGT.0009652
|j KGT.0009653
|j KGT.0009655
|j KGT.0032880
|j KGT.0032593
|j KGT.0009648
|j KGT.0009649
|j KD.0007792
|j KGT.0009646
|j KGT.0009651
|j KGT.0009654
|
| 910 |
0 |
# |
|a nhnam
|d 27/05/2011
|
| 980 |
# |
# |
|a Trung tâm Học liệu Lê Vũ Hùng, Trường Đại học Đồng Tháp
|